La revolución rusa, 1891-1924 : la tragedia de un pueblo /

Guardado en:
Autor Principal: Figes, Orlando
Otros Autores: Vidal, César, trad.
Formato: Libro
Publicado: Barcelona : Edhasa, 2017
Materias:
Etiquetas: Agregar Etiqueta
Sin Etiquetas, Sea el primero en etiquetar este registro!
LEADER 00590nam a22001935a 4500
001 EHU.bham045006
003 AR-BHAM
005 20171122153200.0
008 130507s2017##################000#0#####d
020 |a 9788435026918 
082 9 4 |a 947 
100 1 |a Figes, Orlando 
245 1 0 |a La revolución rusa, 1891-1924 :  |b la tragedia de un pueblo /  |c  Orlando Figes : 
260 |a Barcelona :  |b Edhasa,  |c 2017 
300 |a 989 p. 
653 |a Revolución rusa-1891-1924 
653 |a Rusia-historia de 
700 1 |a Vidal, César, trad. 
859 |a AR-BHAM  |b BIB. HUMANIDADES - General  |h 947  |i F468  |p 414.17  |t Ej.1